000 00654nam a2200193 a 4500
003 0
005 20250222102929.0
008 111114s19uu xx 00 eng d
050 _aPGS TX 631.5
_b.Is79 2011
100 _aIshitani, Kirsthy Joy.
245 _aCalorie content of three kinds of alternative snack /
_cKirsthy Joy Ishitani.
260 _aLas PiƱas City, Philippines :
_bSouthville International School and Colleges,
_c2011.
300 _a19 pages :
_billustrations ;
_c28 cm.
504 _aIncludes bibliographical references.
650 _aCaloric value.
650 _aSnack foods.
650 _aFood composition.
942 _2lcc
_cPASS
999 _c98639
_d98639